00518nam a2200121Ia 4500008004100000100002400041245007700065245008300142260004700225260000900272650002200281856009300303160809s9999 xx 000 0 und d aCumming, Therese M. aAT-RISK YOUTH IN AUSTRALIAN SCHOOLS AND PROMISING MODELS OF INTERVENTION cTherese M. Cumming Iva Strnadová Leanne Dowse University of New South Wales. bInternational Journal of Special Education c2014 xSPECIAL EDUCATION uhttp://www.internationaljournalofspecialed.com/issues/IJSE%20ENTIRE%20ISSUE%2029%203.pdf